000 00286nam a2200109Ia 4500
008 220204s9999 xx 000 0 und d
082 _a002.24791
_bmar
100 _aMarion, Jerry
245 0 _aGeneral physics with bioscience essays
260 _aNew York
_bJohn Wiley
_c1979
942 _cBK
999 _c32042
_d32042